Sports Quiz

Random Sports or NHL Quiz

NHL tallest players Quiz Stats

 Plays Quiz not verified by Sporcle

Challenge
Share
Tweet
Embed
Score 0/36 Timer 10:00
0 Plays Today
Height Name % Correct
6'9Zdeno Chara
99.2%
6'8Tyler Myers
61%
6'7Hal Gill
45.4%
6'6Chris Pronger
44.1%
6'8Derek Boogaard
30.9%
6'6Victor Hedman
27.7%
6'7Brian Boyle
26.3%
6'8John Scott
21.8%
6'6Nik Antropov
17.2%
6'5Pekka Rinne
15.9%
6'5Brent Burns
14.5%
6'5George Parros
10.2%
6'6Jeff Schultz
10.2%
6'5Braydon Coburn
9.4%
6'6Andy Sutton
8.1%
6'5Jason Arnott
7.8%
6'5Michael Rupp
7%
6'5Jonathon Ericsson
7%
Height Name % Correct
6'5Blake Wheeler
6.7%
6'5Dainius Zubrus
6.5%
6'6Steve MacIntyre
5.9%
6'7Vladmir Mihalik
5.6%
6'5Andrew Alberts
5.4%
6'5Martin Hanzal
5.1%
6'6Ryan O'Byrne
5.1%
6'5Dave Steckel
4.8%
6'5Wade Belak
4.8%
6'5Devan Dubnyk
4.3%
6'5Cody Franson
3.8%
6'5Mike Commodore
3.8%
6'5Matt Smaby
2.4%
6'5Alex Auld
2.4%
6'5Brayden Irwin
1.9%
6'5Byron Bitz
1.3%
6'5Kurtis Forster
0.3%
6'5Brad Winchster
0%

You're not logged in!

Compare scores with friends on all Sporcle quizzes.
OR
Log In

You Might Also Like...

Show Comments

Extras

Created Oct 18, 2010ReportNominate
Tags:NHL Quiz, height, player, tallest

Top Quizzes Today


Score Distribution

Your Account Isn't Verified!

In order to create a playlist on Sporcle, you need to verify the email address you used during registration. Go to your Sporcle Settings to finish the process.

Report this User

Report this user for behavior that violates our Community Guidelines.

Details: